| 000 | 00443nam a2200145 4500 | ||
|---|---|---|---|
| 999 |
_c11506 _d11506 |
||
| 008 | 181206b ||||| |||| 00| 0 eng d | ||
| 022 | _a2094-8042 | ||
| 082 | _aDPer 050 T48 Apr-June 2016 | ||
| 100 |
_932986 _aMaya Rhodan |
||
| 245 |
_aBy the numbers: _bhow our influences stack up/ _cMaya Rhodan. |
||
| 260 |
_aHong Kong; _bTime Asia, _cc2016. |
||
| 300 |
_av187 n16, page 44: _billustrations; _c27cm. |
||
| 650 | 0 |
_932987 _a1 |
|
| 942 |
_2ddc _cPER |
||